Best Countries for Children - Statistics

General Stats
  • This quiz has been taken 203 times
  • The average score is 17 of 21
Answer Stats
Hint Answer % Correct
4 Finland
93%
2 Sweden
93%
20 United States
93%
7 Norway
92%
3 Denmark
88%
8 Italy
88%
21 United Kingdom
88%
12 Canada
87%
16 France
86%
5 Spain
86%
11 Germany
83%
6 Switzerland
83%
18 Austria
82%
1 Netherlands
82%
10 Belgium
80%
9 Ireland
77%
14 Poland
75%
17 Portugal
75%
13 Greece
64%
19 Hungary
54%
15 Czech Republic
49%
No matching quizzes found
Score Distribution
Percent of People with Each Score
Percentile by Number Answered
Your Score History
You have not taken this quiz